000 01013nam a2200337 a 4500
001 000113292
003 CHAP
005 20230307094206.0
008 170601s2014 mx a |r| |||1|||spa d
010 _a109753
011 _a110725
020 _a9786073222372
040 _cCHAP
082 0 4 _a540
_bB7y 2014
100 0 0 _aBrown, Theodore L.
_915699
245 1 0 _aQuímica :
_bla ciencia central /
_cpor Theoddore L. Brown ...[et al.].
250 _a12 ed.
260 _aMéxico :
_bPearson educación de México,
_c2014.
300 _axxxviii, 1064 p., A-46, G-12, C-2, I-24 p. :
_bil.
534 _pTít. original :
_tChemistry: The Central Science 12nd Edition, c2012.
590 _aE11695DGD
_b10
_c20170602
590 _aE6096MTM
_b05
_c20170601
590 _aE6096MTM
_b05
_c20170601
590 _aE6096MTM
_b05
_c20170601
590 _aE6096MTM
_b05
_c20170602
650 1 4 _aQuímica.
_993552
700 0 _915699
_aBrown, Theodore L.
901 _aBK
942 _cLIBRO
_2ddc
942 _n0
_2ddc
999 _c109753
_d109753